000 00654nam a2200205 i 4500
001 52301
003 ES-MaACL
005 20250620063016.0
007 t|
008 030827s1975 sp ||||1| spa d
100 1 _aChávarri, Raúl,
_d1929-1984
_9161889
245 1 0 _aMito y realidad de la escuela de Vallecas /
_cRaúl Chávarri.
260 _aMadrid :
_bIbérico Europea de Ediciones,
_c[1975]
300 _a198 p., 25 lám. neg. y col. :
_bil. ;
_c17 cm.
490 1 _aArte y estilo
650 4 _aPintura española-
_yS.XX.
_916042
830 0 _aArte y estilo
_9182388
852 _aES-MaACL
_jA-6182
_bR.95155
999 _c52301
_d52301